High School in Jarkata, Verse 1 + Chorus - Statistics

General Stats
  • This quiz has been taken 12 times
  • The average score is 16 of 21
Answer Stats
Hint Answer % Correct
Didn't you hear Amanda's moving ____ __ ______ back to colorado
100%
It's 2013 and the ___ __ __ ___ end of my life
100%
Now there's ___, found a club for that, where i met ya drama
90%
Yeah, livin' under that was hard, but I loved you ____ harder
90%
We went to ___ ____ in Jakarta high school
90%
You love-hate your _____, so do I mother
90%
Had a heartattack, _____ ______ yadda yadda
90%
I bleached ___ __ ____ when I was zoe on your vespa half my hair
80%
I needed a good cry, I ____ right to Kendra's headed
80%
_ ___ ____ you for makin' me wish I came out smarter I still hate
80%
But it didn't cause we ___ on that halloween night kissed
80%
High school in Jakarta, sorta modern ____ sparta
80%
Made a couple U-turns, you were it till ___ ____ you weren't
80%
I hated you, and I ___ __ ___ that you knew hoped to God
70%
It was orange from 3 percent _____, thanks to you peroxide
70%
We were a _____, thanks to tight-lipped fathers sonata
70%
Had no chance against the teenage ____ ____ suburban armadas
70%
Could've ended different, ___ ____ then again
70%
At the end yeah __ _____ we burned
70%
_______ ____about to plummet little harder Freshman's year's
60%
High school in ___, an elaborate saga Jarkata
10%
No matching quizzes found
Score Distribution
Percent of People with Each Score
Percentile by Number Answered
Your Score History
You have not taken this quiz